| 000 | 01422nam a2200349 a 4500 | ||
|---|---|---|---|
| 001 | ebr10017323 | ||
| 003 | CaPaEBR | ||
| 006 | m u | ||
| 007 | cr cn||||||||| | ||
| 008 | 980928s1998 enk sb 001 0 eng d | ||
| 010 | _z 99160750 | ||
| 020 | _z0750708468 (cased : alk. paper) | ||
| 020 | _z075070845X (pbk. : alk. paper) | ||
| 040 |
_aCaPaEBR _cCaPaEBR |
||
| 035 | _a(OCoLC)232161307 | ||
| 050 | 1 | 4 |
_aLB1725.G6 _bP75 1998eb |
| 082 | 0 | 4 |
_a372 _221 |
| 245 | 0 | 0 |
_aPrimary teacher education _h[electronic resource] : _bhigh status? high standards? / _cedited by Colin Richards, Neil Simco, Sam Twiselton. |
| 260 |
_aLondon : _bBristol, PA : _bFalmer Press, _c1998. |
||
| 300 | _aviii, 232 p. | ||
| 504 | _aIncludes bibliographical references and indexes. | ||
| 533 |
_aElectronic reproduction. _bPalo Alto, Calif. : _cebrary, _d2013. _nAvailable via World Wide Web. _nAccess may be limited to ebrary affiliated libraries. |
||
| 650 | 0 |
_aElementary school teachers _xTraining of _zGreat Britain. |
|
| 650 | 0 |
_aElementary school teaching _zGreat Britain. |
|
| 650 | 0 |
_aEducation, Elementary _zGreat Britain. |
|
| 655 | 7 |
_aElectronic books. _2local |
|
| 700 | 1 | _aRichards, Colin. | |
| 700 | 1 | _aSimco, Neil. | |
| 700 | 1 | _aTwiselton, Sam. | |
| 710 | 2 | _aebrary, Inc. | |
| 856 | 4 | 0 |
_uhttp://site.ebrary.com/lib/rucke/Doc?id=10017323 _zAn electronic book accessible through the World Wide Web; click to view |
| 999 |
_c12658 _d12658 |
||